Hearing loss (Record no. 44514)
[ view plain ]
| 000 -LEADER | |
|---|---|
| fixed length control field | 01848nam a2200349Ia 4500 |
| 082 04 - DEWEY DECIMAL CLASSIFICATION NUMBER | |
| Classification number | 362.4/264/0973 |
| 245 00 - TITLE STATEMENT | |
| Title | Hearing loss |
| 260 ## - PUBLICATION, DISTRIBUTION, ETC. (IMPRINT) | |
| Place of publication | Washington, DC : |
| Name of publisher | National Academies Press, |
| Year of publication | 2005. |
| 300 ## - PHYSICAL DESCRIPTION | |
| Number of Pages | xi, 308 p. |
| 505 0# - FORMATTED CONTENTS NOTE | |
| Formatted contents note | Basics of sound, the ear, and hearing -- Tests of the auditory system and its functions -- Testing adult hearing : conclusions and recommendations -- Sensory aids, devices, and prostheses -- Impact of hearing loss on daily life and the workplace -- Hearing loss in children. |
| 650 #0 - SUBJECT ADDED ENTRY--TOPICAL TERM | |
| Topical Term | Deafness |
| Topical Term | Disability evaluation |
| Topical Term | Disability insurance |
| Topical Term | Social security |
| 700 1# - ADDED ENTRY--PERSONAL NAME | |
| Personal name | Dobie, Robert A. |
| Personal name | Van Hemel, Susan B. |
| 856 40 - ELECTRONIC LOCATION AND ACCESS | |
| Uniform Resource Identifier | http://site.ebrary.com/lib/rucke/Doc?id=10072132 |
No items available.
